000
00219 a2200097 4500
001
2329
100
_a
Koelle, H H
245
_a
Handbook of Astronautical Engineering
260
_a
_b
Mc Graw Hill
_c
090
_c
1689
_d
1689
942
_a
NUST-CAE
_c
M
_c
7657
999
_c
237402
_d
237402